000 01359nam2a22003131 4500
001 rc\4368500
005 20130416142319.8
021 _aRU
_b[74-58781]
035 _a(NLR Aleph) 008540086
090 _a8341652
_c8341652
100 _a20130416d1974 |||y0rusy50 ca
101 0 _arus
102 _aRU
105 _aa z |||||
200 1 _aЛитология
_f[Авт. В.А. Агамалян, Г.Б. Нисанян, А.Г. Бабаев и др.
_gРед. коллегия: д-р геол.-минерал. наук А.Г. Бабаев и С.Г. Саркисян (отв. ред.) и др.]
210 _d1974
215 _a500 с., 27 л. черт.
_cил.
_d27
320 _aСписок лит.: с. 482-495
461 0 _1001rc\4368495
_12001#$aГеология Армянской ССР$e[В 7 т.]$fГлав. ред.: акад. С.С. Мкртчян (гл. ред.) [и др.]$gАкад. наук Арм. ССР. Ин-т геол. наук. Т. 1-$vТ. 5
606 _aПетрография осадочных пород
_yАрмянская ССР (т. 5)
_2psbo
701 1 _aНисаня
_bГ. Б.
701 1 _aБабаев
_bА. Г.
_4340
701 1 _aАгамалян
_bВ. А.
702 1 _aСаркисян
_bС. Г.
_4340
801 0 _aRU
_bNLR
_gpsbo
801 1 _aRU
_bELAR
_2rusmarc
852 _aNLR
_j62-7/2995
942 _cBOOK
980 _aNB